LEADER 01308nam a2200289 i 4500 001 000000228881 003 CaOOAMICUS 005 20140415000000.0 008 140415s2013 it u000 u ita u 013 $a207783 020 $a978-88-215-7970-7 040 $aSeMil$bita 100 1 $aMüller, Gerhard Ludwig,$c.$0(OLS)http://semarc/name/3512 240 10$aKatholische Dogmatik : für Studium und Praxis der Theologie.$0(OLS)http://semarc/title/114111 245 10$aDogmatica cattolica :$bper lo studio e la prassi della teologia /$cGerhard Ludwig Müller. 250 $a[Nuova ed.]. 260 $aCinisello Balsamo :$bSan Paolo,$c2013. 300 $a1172 p. ;$c23 cm. 490 0 $aL'abside : saggi di teologia ;$v71 650 4$aTeologia dogmatica - Manuali.$0(OLS)http://semarc/subject/4 830 2$aL'abside ;$v71.$0(OLS)http://semarc/title/648 850 $aSeMil 852 $aSeMil$W1$xVenegono$y1$m2M VII 71$j179227$B179227$CSeMilBibl$Z2$F190337 $81 961 $aSottoscrizione: San Paolo 996 $6020$a978-88-215-7970-7$9(OLS)http://semarc/number/231102 996 $6245$aDogmatica cattolica :$bper lo studio e la prassi della teologia$9(OLS)http://semarc/title/114110 996 $6260$aCinisello Balsamo :$bSan Paolo$9(OLS)http://semarc/publisher/30129 LEADER 00752nam a2200193 i 4500 001 000000118589 003 CaOOAMICUS 005 20031003000000.0 008 031003s1976 it u000 u ita u 013 $a91282 040 $aSeMil$bita 100 1 $aInvernizzi, Giuseppe,$d<1951- >.$0(OLS)http://semarc/name/4928 245 10$aTraduzione e commento del Didaskalikos. 300 $a231 p. 773 0 $aInvernizzi, Giuseppe <1951- >$tDidaskalikos di Albino e il medioplatonismo.$dRoma : Abete, 1976.$gVolume2$w()10077 850 $aSeMil 852 $aSeMil$W1$xVenegono$y1$m227 5 4.2 *$j73887$B73887$CSeMilBibl$Z2$F76482 $81 961 $aOmaggio: Pagani don Severino 996 $6245$aTraduzione e commento del Didaskalikos$9(OLS)http://semarc/title/174228